<?xml version="1.0" encoding="UTF-8"?>
<record
    xmlns:xsi="http://www.w3.org/2001/XMLSchema-instance"
    xsi:schemaLocation="http://www.loc.gov/MARC21/slim http://www.loc.gov/standards/marcxml/schema/MARC21slim.xsd"
    xmlns="http://www.loc.gov/MARC21/slim">

  <leader>01938nam a22002777a 4500</leader>
  <controlfield tag="001">BRCA_9279</controlfield>
  <controlfield tag="003">FranzMayer</controlfield>
  <controlfield tag="005">20230721122452.0</controlfield>
  <controlfield tag="008">230721b        |||||||| |||| 00| 0 eng d</controlfield>
  <datafield tag="040" ind1=" " ind2=" ">
    <subfield code="a">MFM</subfield>
    <subfield code="b">esp</subfield>
    <subfield code="c">MFM</subfield>
  </datafield>
  <datafield tag="050" ind1=" " ind2="4">
    <subfield code="a">LE5</subfield>
    <subfield code="b">J87 1803</subfield>
  </datafield>
  <datafield tag="082" ind1=" " ind2=" ">
    <subfield code="2">BX1795.P72</subfield>
  </datafield>
  <datafield tag="100" ind1="1" ind2=" ">
    <subfield code="4">Autor</subfield>
    <subfield code="a">Justo Garc&#xED;a, Juan </subfield>
    <subfield code="9">28896</subfield>
  </datafield>
  <datafield tag="240" ind1="1" ind2=" ">
    <subfield code="a">Discursos predicables &#xF3; las homil&#xED;as del ilustrisimo y venerable se&#xF1;or D.F. Ger&#xF3;nimo Bautista de Lanuza, del orden de predicadores, obispo de barbastro y de albarracin</subfield>
    <subfield code="h">Dispuesta por orden de materias, y acomodadas en la mejor forma para el uso de los Se&#xF1;ores  P&#xE1;rrocos y Oradores</subfield>
    <subfield code="l">espa&#xF1;ol</subfield>
  </datafield>
  <datafield tag="245" ind1="0" ind2=" ">
    <subfield code="a">Discursos predicables &#xF3; las homil&#xED;as del ilustrisimo y venerable se&#xF1;or D.F. Ger&#xF3;nimo Bautista de Lanuza, del orden de predicadores, obispo de Barbastro y de albarracin</subfield>
    <subfield code="b">Dispuesta por orden de materias, y acomodadas en la mejor forma para el uso de los Se&#xF1;ores P&#xE1;rrocos y Oradores</subfield>
  </datafield>
  <datafield tag="260" ind1=" " ind2=" ">
    <subfield code="a">Madrird</subfield>
    <subfield code="b">Imprenta de la viuda &#xE9; hijo de Marin</subfield>
    <subfield code="c">1803</subfield>
  </datafield>
  <datafield tag="300" ind1=" " ind2=" ">
    <subfield code="a">395 p</subfield>
    <subfield code="c">21 cm</subfield>
  </datafield>
  <datafield tag="440" ind1=" " ind2=" ">
    <subfield code="a">Discursos predicables &#xF3; las homil&#xED;as del ilustrisimo y venerable se&#xF1;or D.F Ger&#xF3;nimo Bautista de Lanuza, del orden de predicadores, obispo de Barbastro y de Albarracin</subfield>
    <subfield code="n">Dispuestas por orden de materias, y acomodadas en la mejor forma para el uso de los se&#xF1;ores p&#xE1;rrocos y oradores</subfield>
    <subfield code="p">Tomo II</subfield>
    <subfield code="9">28897</subfield>
  </datafield>
  <datafield tag="500" ind1=" " ind2=" ">
    <subfield code="a">Contiene una imagen cortada de motivo religioso, la cual se encuentra en un pl&#xE1;stico protector</subfield>
  </datafield>
  <datafield tag="501" ind1=" " ind2=" ">
    <subfield code="a">Licencia real</subfield>
  </datafield>
  <datafield tag="505" ind1="0" ind2=" ">
    <subfield code="a">Texto en: espa&#xF1;olDirigido a: te&#xF3;logos, obispos, padres, o cualquier otra persona con inter&#xE9;s en la iglesia cat&#xF3;lica.Incluye &#xED;ndice (tem&#xE1;tico)</subfield>
  </datafield>
  <datafield tag="650" ind1="1" ind2=" ">
    <subfield code="2">Religi&#xF3;n</subfield>
    <subfield code="a">Religi&#xF3;n cristiana</subfield>
    <subfield code="v">Iglesia</subfield>
    <subfield code="9">28898</subfield>
  </datafield>
  <datafield tag="651" ind1="2" ind2=" ">
    <subfield code="2">Sermones</subfield>
    <subfield code="a">Sermones cat&#xF3;licos</subfield>
    <subfield code="v">Discursos predicables</subfield>
    <subfield code="9">28899</subfield>
  </datafield>
  <datafield tag="700" ind1="1" ind2=" ">
    <subfield code="4">Autor</subfield>
    <subfield code="a">Mart&#xE9;l, P. Don Miguel </subfield>
    <subfield code="q">Reglar del gremio y Claustro de la Universidad de Salamanca</subfield>
    <subfield code="9">28900</subfield>
  </datafield>
  <datafield tag="942" ind1=" " ind2=" ">
    <subfield code="2">lcc</subfield>
    <subfield code="c">B</subfield>
  </datafield>
  <datafield tag="999" ind1=" " ind2=" ">
    <subfield code="c">10898</subfield>
    <subfield code="d">10898</subfield>
  </datafield>
  <datafield tag="952" ind1=" " ind2=" ">
    <subfield code="0">0</subfield>
    <subfield code="1">0</subfield>
    <subfield code="2">lcc</subfield>
    <subfield code="4">0</subfield>
    <subfield code="7">0</subfield>
    <subfield code="8">CFM</subfield>
    <subfield code="a">BRCA</subfield>
    <subfield code="b">BRCA</subfield>
    <subfield code="d">2023-07-21</subfield>
    <subfield code="e">Donaci&#xF3;n</subfield>
    <subfield code="l">0</subfield>
    <subfield code="o">LE5 J87 1803</subfield>
    <subfield code="p">CFM00515</subfield>
    <subfield code="r">2023-07-21 00:00:00</subfield>
    <subfield code="w">2023-07-21</subfield>
    <subfield code="y">B</subfield>
  </datafield>
</record>
